• 首页
  • 本馆介绍
  • 公告通知
  • 最新文献
  • 馆藏检索
  • 电子资源
  • 读者导购
  • 参考咨询
  • 我的图书馆
  • 登录
  • 详细信息显示
  • 放入我的书架
  • 预约/预借图书
  • 作者相关作品
  • 分类相关作品
  • 丛书相关作品
  • 出版社相关作品

书目信息

  • 表格格式
  • 工作单格式
  • 卡片格式
题名:
鲁迅谈日本
    
 
作者: 鲁迅 著 ;樊萍 编
分册:  
出版信息: 北京   新华出版社  2005
页数: 186页
开本: 21cm
丛书名: 中国现代文化泰斗大讲堂
单 册:
中图分类: I210 , K313.07
科图分类:
主题词:
电子资源:
ISBN: 7-5011-7303-6
000 00907oam2 2200301 450
001 1259544819
005 20121015163334.84
010    @a7-5011-7303-6@dCNY28.00
100    @a20060104d2005 em y0chiy50 ea
101 0  @achi
102    @aCN@b110000
105    @ay z 000yy
200 1  @a鲁迅谈日本@Alu xun tan ri ben@f樊萍编
210    @a北京@c新华出版社@d2005
215    @a186页@d21cm
225 2  @a中国现代文化泰斗大讲堂
330    @a本书主要辑录鲁迅著作中谈及日本的文章,全书共65篇,共分三辑:第一辑“序跋”、:第二辑“杂谈”、第三辑“书信”。
461  0 @12001 @a中国现代文化泰斗大讲堂
600  0 @a鲁迅@f(1881~1936)@j文集
600  0 @a鲁迅@f(1881~1936)
607    @a日本@x研究
607    @a日本
690    @aI210@v4
690    @aK313.07@v4
701  0 @a鲁迅@Alu xun@f(1881~1936)@4著
702  0 @a樊萍@Afan ping@4编
801  0 @aCN@bNLC@c20101222
905    @a10447@dI210@eJY163
    
    鲁迅谈日本/樊萍编.-北京:新华出版社,2005
    186页;21cm.-(中国现代文化泰斗大讲堂)
    
    
    ISBN 7-5011-7303-6:CNY28.00
    本书主要辑录鲁迅著作中谈及日本的文章,全书共65篇,共分三辑:第一辑“序跋”、:第二辑“杂谈”、第三辑“书信”。
●
相关链接 在E读中查询图书 在五车中查询图书 在当当中查询图书 在豆瓣中查询图书


正题名:鲁迅谈日本     索取号:I210/JY163         预约/预借

序号 登录号 条形码 馆藏地/架位号 状态 备注
1 7802971   278029713   学院路分馆/ [索取号:I210/JY163] 在馆    
2 7802972   278029722   学院路分馆/ [索取号:I210/JY163] 在馆    
3 7802973   278029731   学院路分馆/ [索取号:I210/JY163] 在馆    
唐山师范学院图书馆 欢迎您!
大连网信软件有限公司© 版权所有